[Event "Lovsprings op 11th B"]
[Site "Ringsted"]
[Date "2000.04.07"]
[Round "3"]
[White "Alstrup, Thomas"]
[Black "Larsen, Soren Michael"]
[Result "1/2-1/2"]
[WhiteElo "1763"]
[BlackElo "1794"]
[PlyCount "113"]
[EventDate "2000.03.24"]
[EventType "swiss"]
[EventRounds "7"]
[EventCountry "DEN"]
[SourceTitle "EXT 2023"]
[Source "ChessBase"]
[SourceDate "2022.10.05"]
[SourceVersion "1"]
[SourceVersionDate "2022.10.05"]
[SourceQuality "1"]

1. d4 c6 2. Nf3 d5 3. g3 g6 4. Bg2 Bg7 5. 0-0 Nf6 6. c4 dxc4 7. Ne5 0-0 8. Nxc4 Be6 9. Nba3 Bd5 10. f3 Bxc4 11. Nxc4 Qd5 12. Ne3 Qd6 13. Nc2 e5 14. dxe5 Qxe5 15. e4 Na6 16. Rb1 Rfd8 17. Qe2 Nc5 18. Bf4 Qe7 19. Rfd1 Nh5 20. Rxd8+ Rxd8 21. Be3 Na4 22. Ne1 b5 23. Qc2 Qd6 24. Bxa7 c5 25. Rc1 Qd7 26. b3 Qxa7 27. bxa4 Qxa4 28. Qxa4 bxa4 29. Kf1 Rd2 30. Rc2 Rxc2 31. Nxc2 Kf8 32. f4 Ke8 33. Ke2 Kd7 34. Kd3 Kc7 35. Bf3 Nf6 36. e5 Nd7 37. Bd5 f5 38. e6 Nb6 39. Ne3 Kd6 40. Nc4+ Nxc4 41. Bxc4 Bd4 42. Ke2 Ke7 43. h3 h5 44. Kf3 Kf6 45. g4 hxg4+ 46. hxg4 fxg4+ 47. Kxg4 Bb2 48. Bd3 Kxe6 49. Bxg6 Kd5 50. Be8 a3 51. Ba4 Kc4 52. Kf3 Kd3 53. Kf2 Bc1 54. f5 Kc3 55. Ke2 c4 56. Bb5 Bg5 57. Kd1 1/2-1/2

[Event "Lovsprings op 07th B"]
[Site "Ringsted"]
[Date "1995.05.05"]
[Round "6"]
[White "Hansen, Morten Lyck"]
[Black "Alstrup, Thomas"]
[Result "1-0"]
[WhiteElo "1784"]
[BlackElo "1711"]
[PlyCount "91"]
[EventDate "1995.03.10"]
[EventType "swiss"]
[EventRounds "7"]
[EventCountry "DEN"]
[SourceTitle "EXT 2023"]
[Source "ChessBase"]
[SourceDate "2022.10.05"]
[SourceVersion "1"]
[SourceVersionDate "2022.10.05"]
[SourceQuality "1"]

1. e4 d6 2. d4 Nf6 3. Nc3 Bg4 4. Be2 Bxe2 5. Qxe2 c6 6. Nf3 e6 7. Bg5 Be7 8. 0-0 d5 9. exd5 Nxd5 10. Nxd5 cxd5 11. Bxe7 Qxe7 12. Ne5 0-0 13. f4 Nd7 14. Nxd7 Qxd7 15. Rf3 Rac8 16. Rh3 g6 17. Qf2 Qe7 18. Re1 Qf6 19. c3 Kg7 20. Re5 Rh8 21. g4 Rcg8 22. g5 Qd8 23. Qh4 Kf8 24. Qe1 h6 25. gxh6 Qf6 26. Qh4 Ke7 27. Qg5 Qxg5+ 28. fxg5 Rh7 29. Rhe3 Kd6 30. h4 Re8 31. Rf3 b5 32. Kg2 a6 33. Kg3 Rf8 34. Rf6 Ke7 35. Kg4 Rxh6 36. Rfxe6+ fxe6 37. gxh6 Rf5 38. h7 Rf8 39. Kg5 Kf7 40. Kh6 Kf6 41. Re2 Ke7 42. Rg2 Rf4 43. Rxg6 Rxh4+ 44. Kg7 Rf4 45. h8Q Rf7+ 46. Kh6 1-0